banner koha

Contribuicao para o estudo da evolucao dos latossolos amarelos, distroficos, argilosos na borda do plato, na regiao de Manaus: mecanismos da gibbsitizacao [Amazonas; Brasil] (Registro n. 108452)

MARC details
000 -LÍDER
campo de controle de tamanho fixo 01148nas a2200313 4500
001 - NÚMERO DE CONTROLE
campo de controle BR8200332
003 - IDENTIFICADOR DO NÚMERO DE CONTROLE
campo de controle BR-BrBNA
005 - DATA E HORÁRIO DA ÚLTIMA TRANSAÇÃO
campo de controle 20231205084953.0
007 - CAMPO FIXO DE DESCRIÇÃO FÍSICA--INFORMAÇÃO GERAL
campo de controle de tamanho fixo ta
008 - CAMPO DE DADOS FIXOS--INFORMAÇÃO GERAL
campo de controle de tamanho fixo 230509b bl.|||p| |||| 00| 00por d
040 ## - FONTE DA CATALOGAÇÃO
Instituição da catalogação original BR-BrBNA
Idioma da catalogação por
Instituição que transcreveu o registro Biblioteca Nacional de Agricultura
041 ## - CÓDIGO DE IDIOMA
Código do idioma do texto/trilha sonora ou título diferente (Pt)
072 ## - CÓDIGO DE CATEGORIA DE ASSUNTO
Código de Categoria de Assunto F22; F23
100 1# - ENTRADA PRINCIPAL--NOME PESSOAL
Nome pessoal Chauvel, A.
245 1# - TÍTULO
Título Contribuicao para o estudo da evolucao dos latossolos amarelos, distroficos, argilosos na borda do plato, na regiao de Manaus: mecanismos da gibbsitizacao [Amazonas; Brasil]
246 1# - FORMA VARIANTE DO TÍTULO
Título/título abreviado [Contribution to the study of the evolution of Clayish, Dystrophic, yellow latosols in the plateau edge, Manaus: Gibbsite mechanisms [Amazonas; Brazil]]
650 ## - ASSUNTO--TERMO TÓPICO
Cabeçalho tópico ou nome geográfico Quimica do solo
650 ## - ASSUNTO--TERMO TÓPICO
Cabeçalho tópico ou nome geográfico Classificacao do solo
650 ## - ASSUNTO--TERMO TÓPICO
Cabeçalho tópico ou nome geográfico Analise quimica
650 ## - ASSUNTO--TERMO TÓPICO
Cabeçalho tópico ou nome geográfico Mineralogia
650 ## - ASSUNTO--TERMO TÓPICO
Cabeçalho tópico ou nome geográfico Latossolo amarelo
650 ## - ASSUNTO--TERMO TÓPICO
Cabeçalho tópico ou nome geográfico Solo argiloso
650 ## - ASSUNTO--TERMO TÓPICO
Cabeçalho tópico ou nome geográfico Latossolo distrofico
650 ## - ASSUNTO--TERMO TÓPICO
Cabeçalho tópico ou nome geográfico Manaus
650 ## - ASSUNTO--TERMO TÓPICO
Cabeçalho tópico ou nome geográfico Amazonas
773 0# - ENTRADA ANALÍTICA
Título Acta Amazonica (Brazil)
ISSN - International Standard Serial Number ISSN 0044-5967
Partes relacionadas (Jun 1981), v. 11(2) p. 227-245
Número de controle do registro BR8200332
909 ## -
-- 202311
-- Lúcia
-- 55
-- Lúcia Elande
942 ## - ELEMENTOS DE ENTRADA ADICIONADOS (KOHA)
Fonte da classificação ou esquema de arquivamento na estante Classificação AGRIS
Ocultar no OPAC Não
Tipo de material Koha Analítica
Exemplares
Situação do descarte Fonte da classificação ou esquema de arquivamento na estante Situação física Não pode ser emprestado Biblioteca de origem Biblioteca atual Localização na estante Enumeração do periódico / cronologia Total de empréstimos Data de último acesso Número do exemplar Tipo de material Koha Fonte de aquisição
  Classificação AGRIS   Consulta local Biblioteca Nacional de Agricultura - Binagri Biblioteca Nacional de Agricultura - Binagri   (Jun 1981), v. 11(2) p. 227-245   29/11/2023 01 Periódicos Portaria Interministerial nº 164/94

BINAGRI

Telefone: (61)3218-2567/2388/3357/2097 - binagri@agro.gov.br

Ministério da Agricultura e Pecuária , Esplanada dos Ministérios, Bloco D, Anexo B, Brasília/DF, CEP: 70.043-900